000 00429nam a2200169Ia 4500
003 GCL
008 140319s9999 xx 000 0 eng d
040 _aGCL /
_cGCL
082 0 4 _a658
_bG I
100 1 _aGILLETT, BILLY
245 1 0 _aINTRODUCTION TO OPERATIONS RESEARCH /
_cGILLETT, BILLY
260 _a[S.N] :
_bMC GRAW - HILL ،
_c1994
300 _a617 P
650 0 4 _aECONOMICS
650 0 4 _aMANAGEMENT
942 _2ddc
_cBK
999 _c11082
_d11082